|
|
|
|
| LEADER |
00000nab a2200000 a 4500 |
| 001 |
vtls009149572 |
| 003 |
SK-MaSNL |
| 005 |
20260304153543.0 |
| 008 |
250506c2006 xo |||||||||||000 b|slo |
| 015 |
|
|
|a SNBRB2007/10
|2 snkbucl
|
| 035 |
|
|
|a (sysno)vtls009149572
|
| 035 |
|
|
|a urn:nbn:sk:snk-ab7dau
|
| 035 |
|
|
|a (uuid)a6a6557d-db21-4247-a61f-a3a83a8cc0dc
|
| 035 |
|
|
|a (urnnbn)urn:nbn:sk:snk:ar-a07oga
|
| 038 |
|
|
|a SNKBUCL
|
| 040 |
|
|
|a SNKBUCL
|b slo
|c SNKBUCL
|e AACR2
|
| 041 |
0 |
|
|a slo
|b eng
|
| 044 |
|
|
|a xo
|c SK
|
| 080 |
|
|
|a 595.775:591.52
|x (437.6)
|2 1997
|
| 080 |
|
|
|a 591.52:595.775
|x (437.6)
|2 1997
|
| 080 |
|
|
|a 598.2
|x (437.6)
|2 1997
|
| 100 |
1 |
|
|a Jánošková, Viera
|4 aut
|9 323403
|
| 245 |
1 |
0 |
|a Výskyt bĺch (Siphonaptera) v hniezdach vrabca poľného (Passer montanus) ...
|c Viera Jánošková, Dušan Cyprich, Zlatica Országhová
|
| 300 |
|
|
|b Obr., tab.
|
| 504 |
|
|
|a Bibliogr. odkazy
|
| 546 |
|
|
|a Res. angl.
|
| 650 |
0 |
7 |
|a blchy
|2 snkbucl
|9 24566
|
| 650 |
0 |
7 |
|a hniezda
|2 snkbucl
|9 4379
|
| 650 |
0 |
7 |
|a vrabec poľný
|2 snkbucl
|9 3751
|
| 650 |
0 |
7 |
|a abundancia
|2 snkbucl
|9 837732
|
| 651 |
|
7 |
|a Národná prírodná rezervácia Šúr (Slovensko)
|2 snkbucl
|9 14315
|
| 700 |
1 |
|
|a Cyprich, Dušan,
|d 1944-
|4 aut
|9 5460
|
| 700 |
1 |
|
|a Országhová, Zlatica,
|d 1955-
|4 aut
|9 87488
|
| 773 |
0 |
|
|t Entomofauna carpathica
|g Roč. 18, č. 3-4 (2006), s. 71-73
|x 1335-1214
|
| 850 |
|
|
|a Slovenská národná knižnica
|
| 852 |
|
|
|a Slovenská národná knižnica
|
| 954 |
|
|
|a odborná, vedecká literatúra pôvodná (slovenská)
|2 lita
|
| 958 |
|
|
|a article27
|
| 958 |
|
|
|a NB
|
| 958 |
|
|
|a SK
|
| 958 |
|
|
|a OND
|
| 958 |
|
|
|a EUIPO
|
| 999 |
|
|
|c 2954111
|d 2956041
|